000 01506cam a2200325 i 4500
001 991061720872706706
003 ES-BaIT
005 20260225123541.0
008 250130e202412 fr rb 000 1 fre d
020 _a9782749816531
040 _aES-BaIT
_bcat
_erda
_cES-BaIT
080 _a840-2"19"
100 1 _aRuquier, Laurent
_eautor
_9168700
245 1 3 _aLa Joconde parle enfin /
_cLaurent Ruquier
264 1 _aParis :
_bL'avant-scène théatre,
_cdécembre 2024
300 _a59 pàgines ;
_c21 cm
336 _atext
_btxt
_2rdacontent
337 _asense mediació
_bn
_2rdamedia
338 _avolum
_bnc
_2rdacarrier
490 1 _aL'Avant-scène théatre ;
_vno 1565
500 _aP1: D1
500 _aPublicat com no 1565 (décembre 2024) de la revista L'Avant-scène théâtre
500 _aEstrena l'1 de febrer de 2024
504 _aInclou referències bibliogràfiques
520 _a"Après des siècles de silence... La Joconde parle enfin et nous raconte sa vie, de sa création par Léonard de Vinci jusqu'à sa présence aujourd'hui au musée du Louvre. Le plus illustre tableau du monde se dévoile ainsi, démontrant que les célébrités sont souvent plus méconnues qu'on ne le pense. Les anecdotes s'enchaînent dans un monologue bondissant, reliant les petites histoires à la grande. Una Mona Lisa magistrale, saluée par la critique"-- Contracoberta
830 _aAvant-scène.
_pThéâtre
_vno 1565
_9168170
908 _aCDMAE
940 _aCDMAE
942 _2udc
_c1
999 _c137142
_d137142